Toutes les techniques de tous les Mugiwara - Statistiques

Statistiques générales
  • Ce quiz a été pris 10 fois
  • Le résultat moyen est 58 sur 449
Statistiques - réponses
Personnage Nécessite ... Réponse % Correct
Monkey D. Luffy Aucun Gear Gomu Gomu no Pistol
67%
Monkey D. Luffy Aucun Gear Gomu Gomu no Bazooka
44%
Roronoa Zoro Le Santoryû/Trois sabres Oni Giri
44%
Monkey D. Luffy Le Gear Second Gomu Gomu no Jet Bazooka
33%
Monkey D. Luffy Le Gear Second Gomu Gomu no Jet Gatling
33%
Monkey D. Luffy Le Gear Second Gomu Gomu no Jet Pistol
33%
Monkey D. Luffy Le Gear Fourth : Bound Man Gomu Gomu no King Kong Gun
33%
Monkey D. Luffy Le Gear Fourth : Bound Man Gomu Gomu no Kong Gun
33%
Monkey D. Luffy Le Gear Second Gomu Gomu no Red Hawk
33%
Roronoa Zoro L'Ittoryû/Un sabre Shishi Sonson
33%
Roronoa Zoro Le Santoryû/Trois sabres Tatsumaki
33%
Roronoa Zoro Le Santoryû/Trois sabres 108 Klesha Slash
22%
Roronoa Zoro L'Ittoryû/Un sabre 36 Klesha Slash
22%
Roronoa Zoro Le Kyutoryû/Neuf sabres Ashura Ichibugin
22%
Vinsmoke Sanji Aucune Flamme Brochette
22%
Nico Robin Dos Fleurs Clutch
22%
Vinsmoke Sanji Aucune Flamme Collier
22%
Vinsmoke Sanji Aucune Flamme Concassé
22%
Nami Le Clima-Tact Cool Ball
22%
Vinsmoke Sanji Aucune Flamme Côtelette
22%
Franky Rien Coup de Cul
22%
Franky Rien Coup de Vent
22%
Nico Robin Cien Fleur Delphinium
22%
Vinsmoke Sanji Aucune Flamme Deuxième Haché
22%
Vinsmoke Sanji Aucune Flamme Epaule
22%
Vinsmoke Sanji La Diable Jambe Flambage Shot
22%
Franky Rien Franky Cannon
22%
Franky Rien Franky Centaure
22%
Franky Rien Franky Iron Boxing
22%
Franky Rien Fresh Fire
22%
Nami Le Perfect Clima-Tact Fulguro Tempo
22%
Monkey D. Luffy Le Gear Thrid Gomu Gomu no Eléphant Gun
22%
Monkey D. Luffy Aucun Gear Gomu Gomu no Gatling Gun
22%
Monkey D. Luffy Le Gear Thrid Gomu Gomu no Gigant Pistol
22%
Monkey D. Luffy Le Gear Thrid Gomu Gomu no Grizzly Magnum
22%
Monkey D. Luffy Le Gear Second Gomu Gomu no Jet Stamp
22%
Monkey D. Luffy Le Gear Fourth : Bound Man Gomu Gomu no Leo Bazooka
22%
Monkey D. Luffy Le Gear Thrid Gomu Gomu no Red Roc
22%
Monkey D. Luffy Aucun Gear Gomu Gomu no Stamp
22%
Nami Le Clima-Tact Heat Ball
22%
Nami Un Impact Dial Impact
22%
Vinsmoke Sanji Aucune Flamme Joue
22%
Usopp Le Ginga Pachinko Kemuri Boshi
22%
Nami Le Clima-Tact Mirage Tempo
22%
Nami Le Perfect Clima-Tact Mirage Tempo : Fata Morgana
22%
Vinsmoke Sanji Aucune Flamme Mouton Shoot
22%
Vinsmoke Sanji Aucune Flamme Poitrine
22%
Franky Rien Radical Beam
22%
Nico Robin Mil Fleurs Stomp
22%
Franky Rien Strong Hammer
22%
Roronoa Zoro Le Nitoryû/Deux sabres Taka Nami
22%
Vinsmoke Sanji Aucune Flamme Tendron
22%
Nami Le Perfect Clima-Tact Thunder Lance Tempo
22%
Roronoa Zoro Le Santoryû/Trois sabres Tora Gari
22%
Nami Le Clima-Tact Tornado Tempo
22%
Vinsmoke Sanji Aucune Flamme Troisième Haché
22%
Vinsmoke Sanji Aucune Flamme Veau Shot
22%
Roronoa Zoro Le Santoryû/Trois sabres 1080 Klesha Slash
11%
Roronoa Zoro L'Ittoryû/Un sabre 360 Klesha Slash
11%
Roronoa Zoro Le Nitoryû/Deux sabres 720 Klesha Slash
11%
Roronoa Zoro Le Nitoryû/Deux sabres 72 Klesha Slash
11%
Usopp Le Kabuto Ageha Ryusei
11%
Usopp Le Ginga Pachinko Akahebi Boshi
11%
Vinsmoke Sanji Aucune Flamme Anti-Manner Kick Course
11%
Roronoa Zoro Le Kyutoryû/Neuf sabres Ashura Bakkei Moja No Tawamure
11%
Roronoa Zoro Le Kyutoryû/Neuf sabres Ashura Makyuusen
11%
Usopp Le Kabuto Atlas Suisei
11%
Brook La Soul Solid Aubade Coup Droit
11%
Usopp Le Kabuto Noir Bagworm
11%
Roronoa Zoro L'Ittoryû/Un sabre Baki
11%
Usopp Le Kabuto Noir Bakusui Boshi
11%
Vinsmoke Sanji Aucune Flamme Basse Côte
11%
Franky Rien Beans Left
11%
Vinsmoke Sanji La Diable Jambe Bien Cuit : Grill Shot
11%
Nico Robin Cien Fleur Big Tree
11%
Nami Le Sorcery Clima-Tact Black Ball : Raiun Rod
11%
Vinsmoke Sanji Aucune Flamme Blue Walk
11%
Usopp Le Kabuto Noir Boaty Banana
11%
Vinsmoke Sanji La Jambe à l'Ifrit Bœuf Burst
11%
Vinsmoke Sanji Aucune Flamme Bouche
11%
Vinsmoke Sanji Aucune Flamme Bouquetière Shot
11%
Nico Robin Veinte Fleurs Calendula
11%
Nico Robin Mil Fleurs Campo de Flores
11%
Franky Rien Chaser Bullets
11%
Usopp Le Kabuto Cho Kemuri Boshi
11%
Nami Le Clima-Tact Cloudy Tempo
11%
Vinsmoke Sanji Aucune Flamme Collier Frit
11%
Vinsmoke Sanji Aucune Flamme Collier Shoot
11%
Vinsmoke Sanji La Diable Jambe Collier Strike
11%
Nami Le Perfect Clima-Tact Cool Charge
11%
Tony Tony Chopper Le Horn Point Corne Canon, Elf
11%
Franky Rien Coup de Boo
11%
Vinsmoke Sanji La Diable Jambe Crosse Strike
11%
Nico Robin Cuarenta Fleur Cuatro Mano
11%
Nico Robin Ochenta Fleurs Cuatro Mano Clutch
11%
Nico Robin Ochenta Fleurs Cuatro Mano Hold
11%
Nico Robin Ochenta Fleurs Cuatro Mano Shock
11%
Vinsmoke Sanji Aucune Flamme Cuisseau Shoot
11%
Vinsmoke Sanji Aucune Flamme Cuissot
11%
Nami Le Clima-Tact Cyclone Tempo
11%
Roronoa Zoro Le Santoryû/Trois sabres Daibutsu Giri
11%
Roronoa Zoro L'Ittoryû/Un sabre Daishinkan
11%
Nami Le Perfect Clima-Tact Dark Cloud Tempo
11%
Nico Robin Cien Fleur Défense
11%
Vinsmoke Sanji Aucune Flamme Dents
11%
Nico Robin Cuerpo Fleur Doble Clutch
11%
Nico Robin Cien Fleur Dos Manos
11%
Brook La Soul Solid Ekakiuta : Hitoyogiri
11%
Roronoa Zoro Le Santoryû/Trois sabres Enbima Yonezu Oni Giri
11%
Vinsmoke Sanji Aucune Flamme Epaule Shoot
11%
Vinsmoke Sanji Aucune Flamme Epluchage
11%
Vinsmoke Sanji Aucune Flamme Escalope
11%
Vinsmoke Sanji Aucune Flamme Extra Haché
11%
Vinsmoke Sanji La Diable Jambe Extras Hachis
11%
Nami Le Clima-Tact Fine Tempo
11%
Usopp Le Kabuto Noir Fire Bird Star
11%
Vinsmoke Sanji Aucune Flamme Flanchet
11%
Vinsmoke Sanji Aucune Flamme Flanchet Shoot
11%
Vinsmoke Sanji La Diable Jambe Flanchet Strike
11%
Nico Robin Ocho Fleurs Flip
11%
Nami Le Clima-Tact Fog Tempo
11%
Franky L'Iron Pirate Franky Shogun Franken General : Ashimoto Dangerous
11%
Franky Rien Franky Boxing
11%
Franky Rien Franky Butterfly
11%
Franky Rien Franky Destroyer Hou
11%
Franky Rien Franky Fireball
11%
Franky Rien Franky Hair Salon
11%
Franky Rien Franky Invicible
11%
Franky Rien Franky Jetpack
11%
Franky Rien Franky Nipple Light
11%
Franky Rien Franky Rocket
11%
Franky Rien Franky Rocket Launcher
11%
Franky Rien Franky Skywalk
11%
Franky Rien Franky Southland Suplex
11%
Franky Rien Franky Tank
11%
Franky Rien Franky Triangle Jacker
11%
Nico Robin Tres Mano Freesia
11%
Vinsmoke Sanji Aucune Flamme Frit Assorti
11%
Usopp Le Kabuto Gas
11%
Brook La Soul Solid Gavotte Bond En Avant
11%
Roronoa Zoro Le Santoryû/Trois sabres Gazami Dori
11%
Franky L'Iron Pirate Franky Shogun General Canon
11%
Franky L'Iron Pirate Franky Shogun General Daijobu
11%
Franky L'Iron Pirate Franky Shogun General Launcher
11%
Franky L'Iron Pirate Franky Shogun General Left
11%
Franky L'Iron Pirate Franky Shogun General Omomi
11%
Franky L'Iron Pirate Franky Shogun General Shield
11%
Franky L'Iron Pirate Franky Shogun General Shield Boomerang
11%
Nico Robin Mil Fleurs Gigantesco Mano
11%
Nico Robin Le Gyojin Karate Gigantium
11%
Vinsmoke Sanji Aucune Flamme Gigot
11%
Usopp Le Kabuto Gokiburi Boshi
11%
Monkey D. Luffy Le Gear Fifth Gomu Gomu Dawn Rocket
11%
Monkey D. Luffy Le Gear Fifth Gomu Gomu Dawn Whip
11%
Monkey D. Luffy Le Gear Fifth Gomu Gomu Evasion Rocket
11%
Monkey D. Luffy Le Gear Fifth Gomu Gomu Fuusen
11%
Monkey D. Luffy Le Gear Fifth Gomu Gomu Gigant
11%
Monkey D. Luffy Aucun Gear Gomu Gomu no Ame
11%
Monkey D. Luffy Aucun Gear Gomu Gomu no Ami
11%
Monkey D. Luffy Aucun Gear Gomu Gomu no Baku Baku
11%
Monkey D. Luffy Le Gear Fourth : Snake Man Gomu Gomu no Black Mamba
11%
Monkey D. Luffy Aucun Gear Gomu Gomu no Boh
11%
Monkey D. Luffy Aucun Gear Gomu Gomu no Bowgun
11%
Monkey D. Luffy Aucun Gear Gomu Gomu no Bullet
11%
Monkey D. Luffy Aucun Gear Gomu Gomu no Cannon
11%
Monkey D. Luffy Le Gear Fourth : Tank Man Gomu Gomu no Cannon Ball
11%
Monkey D. Luffy Le Gear Fourth : Bound Man Gomu Gomu no Culverin
11%
Monkey D. Luffy Aucun Gear Gomu Gomu no Dameda
11%
Monkey D. Luffy Le Gear Fourth : Bound Man Gomu Gomu no Double Culverin
11%
Monkey D. Luffy Le Gear Second Gomu Gomu no Eagle Bazooka
11%
Monkey D. Luffy Le Gear Thrid Gomu Gomu no Eléphant Gatling Gun
11%
Monkey D. Luffy Aucun Gear Gomu Gomu no Flail
11%
Monkey D. Luffy Aucun Gear Gomu Gomu no Fuusen
11%
Monkey D. Luffy Le Gear Thrid Gomu Gomu no Gigant Axe
11%
Monkey D. Luffy Le Gear Thrid Gomu Gomu no Gigant Bazooka
11%
Monkey D. Luffy Le Gear Thrid Gomu Gomu no Gigant Fuusen
11%
Monkey D. Luffy Le Gear Second et le Gear Third Gomu Gomu no Gigant Jet Shell
11%
Monkey D. Luffy Le Gear Thrid Gomu Gomu no Giganto Haitataki
11%
Monkey D. Luffy Le Gear Thrid Gomu Gomu no Gigant Ono
11%
Monkey D. Luffy Le Gear Thrid Gomu Gomu no Gigant Rifle
11%
Monkey D. Luffy Le Gear Thrid Gomu Gomu no Gigant Rocket
11%
Monkey D. Luffy Le Gear Thrid Gomu Gomu no Gigant Stamp
11%
Monkey D. Luffy Le Gear Thrid Gomu Gomu no Gigant Tsuppari
11%
Monkey D. Luffy Le Gear Thrid Gomu Gomu no Gigant Whip
11%
Monkey D. Luffy Aucun Gear Gomu Gomu no Golden Rifle
11%
Monkey D. Luffy Le Gear Thrid Gomu Gomu no Grizzly Corkscrew Magnum
11%
Monkey D. Luffy Aucun Gear Gomu Gomu no Hanabi
11%
Monkey D. Luffy Aucun Gear Gomu Gomu no Hanabi Ogon Botan
11%
Monkey D. Luffy Le Gear Second Gomu Gomu no Hawk Axe
11%
Monkey D. Luffy Le Gear Second Gomu Gomu no Hawk Bullet
11%
Monkey D. Luffy Le Gear Second Gomu Gomu no Hawk Gatling
11%
Monkey D. Luffy Le Gear Second Gomu Gomu no Hawk Rifle
11%
Monkey D. Luffy Le Gear Second Gomu Gomu no Hawk Stamp
11%
Monkey D. Luffy Le Gear Second Gomu Gomu no Hawk Twin Pistol
11%
Monkey D. Luffy Le Gear Second Gomu Gomu no Hawk Whip
11%
Monkey D. Luffy Aucun Gear Gomu Gomu no Hook
11%
Monkey D. Luffy Le Gear Fourth : Snake Man Gomu Gomu no Hydra
11%
Monkey D. Luffy Aucun Gear Gomu Gomu no Ikebana
11%
Monkey D. Luffy Le Gear Second Gomu Gomu no Jet Axe
11%
Monkey D. Luffy Le Gear Second Gomu Gomu no Jet Bullet
11%
Monkey D. Luffy Le Gear Second Gomu Gomu no Jet Cannon
11%
Monkey D. Luffy Le Gear Fourth : Snake Man Gomu Gomu no Jet Culverin
11%
Monkey D. Luffy Le Gear Second Gomu Gomu no Jet Hammer
11%
Monkey D. Luffy Le Gear Second Gomu Gomu no Jet Lance
11%
Monkey D. Luffy Le Gear Second Gomu Gomu no Jet Mace
11%
Monkey D. Luffy Le Gear Second Gomu Gomu no Jet Migawari
11%
Monkey D. Luffy Le Gear Second Gomu Gomu no Jet Missile
11%
Monkey D. Luffy Le Gear Second Gomu Gomu no Jet Rifle
11%
Monkey D. Luffy Le Gear Second Gomu Gomu no Jet Rocket
11%
Monkey D. Luffy Le Gear Second Gomu Gomu no Jet Spear
11%
Monkey D. Luffy Le Gear Second Gomu Gomu no Jet Stamp Gatling
11%
Monkey D. Luffy Le Gear Second Gomu Gomu no Jet Tonkachi
11%
Monkey D. Luffy Le Gear Second Gomu Gomu no Jet Whip
11%
Monkey D. Luffy Le Gear Second Gomu Gomu no Jet Yari
11%
Monkey D. Luffy Aucun Gear Gomu Gomu no Kama
11%
Monkey D. Luffy Aucun Gear Gomu Gomu no Kane
11%
Monkey D. Luffy Aucun Gear Gomu Gomu no Kazagurama
11%
Monkey D. Luffy Aucun Gear Gomu Gomu no Kazan
11%
Monkey D. Luffy Le Gear Fourth : Snake Man Gomu Gomu no King Cobra
11%
Monkey D. Luffy Aucun Gear Gomu Gomu no Koma
11%
Monkey D. Luffy Le Gear Fourth : Bound Man Gomu Gomu no Kong Gatling
11%
Monkey D. Luffy Le Gear Fourth : Bound Man Gomu Gomu no Kong Organ
11%
Monkey D. Luffy Le Gear Fourth : Bound Man Gomu Gomu no Kong Rifle
11%
Monkey D. Luffy Aucun Gear Gomu Gomu no Marunokogiri
11%
Monkey D. Luffy Aucun Gear Gomu Gomu no Mikata Robo
11%
Monkey D. Luffy Aucun Gear Gomu Gomu no Mikata Robo Kick
11%
Monkey D. Luffy Aucun Gear Gomu Gomu no Mikata Robo Punch
11%
Monkey D. Luffy Aucun Gear Gomu Gomu no Muchi
11%
Monkey D. Luffy Aucun Gear Gomu Gomu no Ogama
11%
Monkey D. Luffy Aucun Gear Gomu Gomu no Ogon Rifle
11%
Monkey D. Luffy Aucun Gear Gomu Gomu no Ono
11%
Monkey D. Luffy Le Gear Fourth : Bound Man Gomu Gomu no Over Kong Gun
11%
Monkey D. Luffy Aucun Gear Gomu Gomu no Ozuchi
11%
Monkey D. Luffy Aucun Gear Gomu Gomu no Pachinko
11%
Monkey D. Luffy Le Gear Fourth : Bound Man Gomu Gomu no Rhino Schneider
11%
Monkey D. Luffy Aucun Gear Gomu Gomu no Rifle
11%
Monkey D. Luffy Le Gear Thrid Gomu Gomu no Roc Gatling
11%
Monkey D. Luffy Le Gear Thrid Gomu Gomu no Roc Gun
11%
Monkey D. Luffy Aucun Gear Gomu Gomu no Rocket
11%
Monkey D. Luffy Aucun Gear Gomu Gomu no Sei Ken Teki
11%
Monkey D. Luffy Aucun Gear Gomu Gomu no Sensuikan
11%
Monkey D. Luffy Aucun Gear Gomu Gomu no Shot Gun
11%
Monkey D. Luffy Aucun Gear Gomu Gomu no Snake Shot
11%
Monkey D. Luffy Aucun Gear Gomu Gomu no Soucoupe Volante
11%
Monkey D. Luffy Aucun Gear Gomu Gomu no Spring Bullet
11%
Monkey D. Luffy Aucun Gear Gomu Gomu no Storm
11%
Monkey D. Luffy Aucun Gear Gomu Gomu no Tako
11%
Monkey D. Luffy Aucun Gear Gomu Gomu no Tako Hanabi
11%
Monkey D. Luffy Aucun Gear Gomu Gomu no Tako Stamp
11%
Monkey D. Luffy Aucun Gear Gomu Gomu no Tate
11%
Monkey D. Luffy Aucun Gear Gomu Gomu no Thank You Fire
11%
Monkey D. Luffy Le Gear Thrid Gomu Gomu no Thor Eléphant Gun
11%
Monkey D. Luffy Aucun Gear Gomu Gomu no Tonkachi
11%
Monkey D. Luffy Aucun Gear Gomu Gomu no Tsuchi
11%
Monkey D. Luffy Aucun Gear Gomu Gomu no Tsuppari
11%
Monkey D. Luffy Le Gear Second Gomu Gomu no Twin Jet Pistol
11%
Monkey D. Luffy Aucun Gear Gomu Gomu no Yari
11%
Monkey D. Luffy Aucun Gear Gomu Gomu no Yo-Yo
11%
Monkey D. Luffy Le Gear Fifth Gomu Gomu Saut à la Corde
11%
Monkey D. Luffy Le Gear Fifth Gomu Gomu Star Gun
11%
Monkey D. Luffy Le Gear Fifth Gomu Gomu Taupe Bullet
11%
Jinbe Le Gyojin Karate Gosenmaigawara Seiken
11%
Nico Robin Dos Fleurs Grab
11%
Nico Robin Cien Fleur Gran Fleur
11%
Nico Robin Demonio Fleur Gran Jacuzzi Clutch
11%
Usopp Le Kabuto Noir Grow Up
11%
Tony Tony Chopper Le Guard Point Guard Point Tank Chopper
11%
Nami Le Sorcery Clima-Tact Gust Sword
11%
Jinbe Le Gyojin Karate Gyojin Karate Ogi : Buraikan
11%
Jinbe Le Gyojin Karate Gyojin Karate Ogi : Onigawara Seiken
11%
Roronoa Zoro Le Santoryû/Trois sabres Gyuki Yuzume
11%
Franky Rien Hakugeki Hou
11%
Nico Robin Mil Fleurs Hanagasa
11%
Brook La Soul Solid Hanauta Sancho, Yahazu Giri
11%
Nico Robin Treinta Fleurs Hand
11%
Nami Le Sorcery Clima-Tact Heat Egg
11%
Franky Rien Heavy Nunchaku
11%
Vinsmoke Sanji Aucune Flamme Hell Memories
11%
Usopp Le Kabuto Himawari Boshi
11%
Usopp Le Kabuto Hi No Tori Boshi
11%
Roronoa Zoro L'Ittoryû/Un sabre Hiryu Kaen
11%
Usopp Le Kabuto Noir Hissatsu Bakshu Boshi
11%
Usopp Le Kabuto Noir Hissatsu Midori Boshi : Dokuro Bakuhatsu So
11%
Usopp Le Kabuto Noir Hissatsu Midori Boshi : Impact Wolf
11%
Usopp Le Kabuto Noir Hissatsu Midori Boshi : Platanus Shuriken
11%
Usopp Le Kabuto Noir Hissatsu Midori Boshi : Rafflesia
11%
Usopp Le Kabuto Noir Hissatsu Midori Boshi : Sargasso
11%
Usopp Le Kabuto Noir Hissatsu Midori Boshi : Take Javelin
11%
Usopp Le Kabuto Noir Hissatsu Midori Boshi : Uchiwa Grass
11%
Usopp Le Kabuto Noir Hissatsu : Totsugeki Ryuseigun
11%
Nico Robin Cuarenta Fleur Hold
11%
Monkey D. Luffy Le Gear Thrid Hone Fuusen
11%
Franky Rien Hoshi Shield
11%
Roronoa Zoro Le Santoryû/Trois sabres Hyou Kin Dama
11%
Roronoa Zoro Le Nitoryû/Deux sabres Iai Rashomon
11%
Brook La Soul Solid Ice Burn
11%
Brook La Soul Solid Ice Wall
11%
Roronoa Zoro Le Santoryû/Trois sabres Ichidai Sanzen Daisen Sekai
11%
Roronoa Zoro Le Santoryû/Trois sabres Ippyakusanjo Hiryu Jigoku
11%
Vinsmoke Sanji Aucune Flamme Jarret
11%
Vinsmoke Sanji Aucune Flamme Jenga Hou
11%
Vinsmoke Sanji Aucune Flamme Joue Shoot
11%
Vinsmoke Sanji La Jambe à l'Ifrit Jumeau à Bifteck
11%
Usopp Le Kabuto Kaenbin
11%
Usopp Le Ginga Pachinko Kaen Boshi
11%
Usopp Le Kabuto Kagero Ryusei
11%
Jinbe Le Gyojin Karate Kairagi
11%
Usopp Le Kabuto Kaki
11%
Usopp Le Kabuto Kamakiri Ryusei
11%
Jinbe Le Gyojin Karate Karakusagawara Seiken
11%
Roronoa Zoro Le Santoryû/Trois sabres Karasuma Gari
11%
Brook La Soul Solid Kassuri Uta, Fubuki Giri
11%
Usopp Le Ginga Pachinko Kayaku Boshi
11%
Usopp Le Ginga Pachinko Kayaku Hoshi Boshi
11%
Roronoa Zoro Le Kyutoryû/Neuf sabres Kiki Kitoryû Ashura
11%
Monkey D. Luffy Le Gear Fourth : Bound Man Kinniku Fuusen
11%
Roronoa Zoro Le Santoryû/Trois sabres Kokujo O Tatsu Maki
11%
Tony Tony Chopper Le Arm Point Kokutei : Cross
11%
Tony Tony Chopper Le Arm Point Kokutei : Diamond
11%
Tony Tony Chopper Le Monster Point Kokutei : Palm
11%
Tony Tony Chopper Le Arm Point Kokutei : Roseo
11%
Tony Tony Chopper Le Arm Point Kokutei : Roseo Metel
11%
Usopp Le Ginga Pachinko Kosho Boshi
11%
Vinsmoke Sanji Aucune Flamme Longe
11%
Franky Rien Master Nail
11%
Vinsmoke Sanji Aucune Flamme Menton
11%
Usopp Le Kabuto Noir Midori Boshi : Baku Bokkuri
11%
Usopp Le Kabuto Noir Midori Boshi : Devil
11%
Usopp Le Kabuto Noir Midori Boshi : Hanabibana
11%
Usopp Le Kabuto Noir Midori Boshi : Humandrake
11%
Usopp Le Kabuto Noir Midori Boshi : Nemu Riso
11%
Usopp Le Kabuto Noir Midori Boshi : Sea Devil
11%
Usopp Le Kabuto Noir Midori Boshi : Trampolia
11%
Nami Le Sorcery Clima-Tact Milky Ball
11%
Nami Le Sorcery Clima-Tact Milky Road
11%
Jinbe Le Gyojin Karate Mizugokoro Kairyu Ipponzeoi
11%
Monkey D. Luffy Aucun Gear/Aqua Luffy Mizu Mizu no Pistol
11%
Usopp Le Ginga Pachinko Namari Boshi
11%
Jinbe Le Gyojin Karate Nanasenmaigawara Mawashigeri
11%
Usopp Le Ginga Pachinko Nemuri Boshi
11%
Brook La Soul Solid Nemurita : Flanc
11%
Vinsmoke Sanji Aucune Flamme Nez
11%
Roronoa Zoro Le Nitoryû/Deux sabres Nigiri Hirameki
11%
Roronoa Zoro Le Nitoryû/Deux sabres Nigiri Maguma
11%
Roronoa Zoro Le Nitoryû/Deux sabres Nigiri Outourou
11%
Roronoa Zoro Le Nitoryû/Deux sabres Nigiri Samon
11%
Roronoa Zoro Le Nitoryû/Deux sabres Nigiri Tourou
11%
Roronoa Zoro Le Nitoryû/Deux sabres Nigiri Tourou Samon
11%
Roronoa Zoro Le Santoryû/Trois sabres Nigori Zake
11%
Nami Le Sorcery Clima-Tact Nimpo : Raitei
11%
Franky Rien Nipple Light Special
11%
Vinsmoke Sanji Aucune Flamme Œil
11%
Nico Robin Mil Fleurs Orchidées Lépidoptères
11%
Franky Rien Ouch Finger
11%
Roronoa Zoro Le Santoryû/Trois sabres Ougi Sanzen Sekai
11%
Franky Rien Oyasai Punch
11%
Vinsmoke Sanji La Jambe à l'Ifrit Paleron
11%
Nami Rien Paradise Punch
11%
Vinsmoke Sanji Aucune Flamme Parage Shot
11%
Brook La Soul Solid Party Music
11%
Vinsmoke Sanji Aucune Flamme Party Table Kick Course
11%
Brook La Soul Solid Phrase d'Armes Orchestra
11%
Vinsmoke Sanji La Diable Jambe Poêle à Frire : Spectre
11%
Vinsmoke Sanji La Jambe à l'Ifrit Poire
11%
Vinsmoke Sanji Aucune Flamme Poitrine Shoot
11%
Brook La Soul Solid Polka Remise
11%
Brook La Soul Solid Prélude Au Fer
11%
Vinsmoke Sanji La Diable Jambe Premier Hachis
11%
Vinsmoke Sanji Aucune Flamme Quasi
11%
Vinsmoke Sanji Aucune Flamme Queue
11%
Brook La Soul Solid Quinte Tierce Fantasia
11%
Nami Le Sorcery Clima-Tact Rain Spark
11%
Nami Le Clima-Tact Rain Tempo
11%
Vinsmoke Sanji Aucune Flamme Réception
11%
Roronoa Zoro Le Santoryû/Trois sabres Rengoku Oni Giri
11%
Usopp Le Kabuto Renpatsu Kaen Boshi
11%
Roronoa Zoro Le Nitoryû/Deux sabres Rhino Cyclonique
11%
Nico Robin Cien Fleur Rindo
11%
Nico Robin Mil Fleurs Robi-Cho Daisenpu
11%
Nico Robin Pierna Fleur Robi-Cho Suplex
11%
Roronoa Zoro Le Santoryû/Trois sabres Rokudo No Tsujil
11%
Usopp Le Kabuto Rokuren Mamushi Boshi
11%
Usopp Le Ginga Pachinko Rolling Kayaku Boshi
11%
Vinsmoke Sanji La Diable Jambe Rôtisserie Strike
11%
Usopp Le Ginga Pachinko Sakuretsu Saboten Boshi
11%
Usopp Le Kabuto Salt Star
11%
Jinbe Le Gyojin Karate Samegawara Seiken
11%
Jinbe Le Gyojin Karate Samehada Shoutei
11%
Usopp Le Ginga Pachinko Sanren Kayaku Boshi
11%
Vinsmoke Sanji Aucune Flamme Santen Découpage
11%
Roronoa Zoro Le Santoryû/Trois sabres Sanzen Sekai
11%
Vinsmoke Sanji Aucune Flamme Selle
11%
Nico Robin Gigante Fleur Serpent de Mer
11%
Usopp Le Ginga Pachinko Shinsen Tamago Boshi
11%
Vinsmoke Sanji Aucune Flamme Shishinabe Shoot
11%
Roronoa Zoro L'Ittoryû/Un sabre Shi Shishi Sonson
11%
Franky L'Iron Pirate Franky Shogun Shori No V-Flash
11%
Nami Le Sorcery Clima-Tact Shower Tempo
11%
Usopp Le Ginga Pachinko Shuriken Ryûsei-Gun
11%
Vinsmoke Sanji Aucune Flamme Sky Walk
11%
Nico Robin Cien Fleur Slalom Vine
11%
Nico Robin Once Fleurs Slam
11%
Nico Robin Seis Fleurs Slap
11%
Vinsmoke Sanji Aucune Flamme Slice Shoot
11%
Jinbe Le Gyojin Karate Soshark
11%
Brook La Soul Solid Soul Parade
11%
Brook La Soul Solid Soul Parade Eisbahn
11%
Nico Robin Cuarenta Fleur Spank
11%
Nico Robin Cien Fleur Spider Net
11%
Nami Le Clima-Tact Sprinkler
11%
Nico Robin Mil Fleurs Stamp
11%
Nico Robin Treinta Fleurs Strangle
11%
Franky Rien Strong Hitter
11%
Franky Rien Strong Right
11%
Franky Rien Super Frapper Gong
11%
Usopp Le Kabuto Noir Super Grow Up Great Kuro Kabuto
11%
Usopp Le Kabuto Super Size Hi No Tori Boshi
11%
Brook La Soul Solid Swallow Banderole
11%
Brook La Soul Solid Swallow Bond En Avant
11%
Nami Le Perfect Clima-Tact Swing Arm
11%
Usopp Le Ginga Pachinko Tamago Boshi
11%
Usopp Le Kabuto Tenryuu Boshi
11%
Nami Le Clima-Tact Thunder Ball
11%
Nami Le Clima-Tact Thunderbolt Tempo
11%
Nami Le Sorcery Clima-Tact Thunder Breed Tempo
11%
Nami Le Perfect Clima-Tact Thunder Charge
11%
Nami Le Clima-Tact Thunder Tempo
11%
Nami Le Sorcery Clima-Tact Thunder Trap
11%
Usopp Le Ginga Pachinko Tokusei Tabasco Boshi
11%
Usopp Le Kabuto Tokuyo Abura Boshi
11%
Usopp Le Kabuto Torimochi Boshi
11%
Roronoa Zoro Le Santoryû/Trois sabres Tourou Nagashi
11%
Nico Robin Seis Fleurs Twist
11%
Jinbe Le Gyojin Karate Uchimizu
11%
Franky Rien Ultimate Hammer
11%
Roronoa Zoro Le Santoryû/Trois sabres Ultra Tiger Slash
11%
Roronoa Zoro Le Santoryû/Trois sabres Ushi Bari
11%
Jinbe Le Gyojin Karate Uzoshio Ipponzeoi
11%
Franky Rien Weapons Left
11%
Nami Le Sorcery Clima-Tact Weather Egg
11%
Nico Robin Cien Fleur Wing
11%
Usopp Le Kabuto Noir Yabusame Devil
11%
Roronoa Zoro Le Santoryû/Trois sabres Yaki Oni Giri
11%
Roronoa Zoro L'Ittoryû/Un sabre Yakko Dori
11%
Usopp Le Kabuto Yamai
11%
Jinbe Rien Yarinami
11%
Roronoa Zoro Le Santoryû/Trois sabres Yasha Garasu
11%
Nami Le Sorcery Clima-Tact Yukigumo
11%
Aucun quiz correspondant
Distribution des résultats
% des personnes avec chaque résultat
Percentile par nombre de réponses
Votre historique - résultats
Vous n’avez pas pris ce quiz